[Event "France 2019 - Accession"]
[Site "Chartres"]
[Date "2019.08.21"]
[Round "5.16"]
[White "Ollier, Milan"]
[Black "Philippe, Guillaume"]
[Result "0-1"]
[WhiteElo "2252"]
[BlackElo "2321"]
[PlyCount "98"]
[EventDate "2019.08.??"]
[EventType "swiss"]
[EventRounds "9"]
[EventCountry "FRA"]
[WhiteTeam "Echiquier Médocain"]
[BlackTeam "L'Echiquier Châlonnais"]

1. e4 d6 2. d4 Nf6 3. Nc3 g6 4. Bg5 Bg7 5. Qd2 h6 6. Bf4 c6 7. f3 Qc7 8. a4 e5
9. dxe5 dxe5 10. Be3 Be6 11. a5 Nbd7 12. Bd3 h5 13. h4 O-O 14. Nh3 Bxh3 15.
Rxh3 b5 16. Qf2 a6 17. Be2 Qd6 18. Rh1 Rfd8 19. Kf1 Nf8 20. g3 Ne6 21. Kg2 Nd4
22. Bd1 Kh7 23. Nb1 Bh6 24. c3 Bxe3 25. Qxe3 Ne6 26. Bc2 c5 27. b3 Qc7 28. Nd2
Rd7 29. Rhd1 Rad8 30. Qe2 Kg7 31. Qf2 Ng8 32. Nf1 Rxd1 33. Bxd1 Ne7 34. Ne3 Rd3
35. Bc2 Rd6 36. Kf1 Rd7 37. Qe2 Rd6 38. Qf2 b4 39. Nc4 Rc6 40. Qe3 bxc3 41.
Qxc3 Nd4 42. Kf2 Rf6 43. Bd1 Nec6 44. Nb6 Nb4 45. Kg2 g5 46. hxg5 Rg6 47. Rc1
Na2 48. Nd5 Qd8 49. Qxc5 Qxg5 0-1

[Event "France 2019 - Accession"]
[Site "Chartres"]
[Date "2019.08.21"]
[Round "5.17"]
[White "Dutreuil, Raphael"]
[Black "Defromont, Benjamin"]
[Result "1/2-1/2"]
[WhiteElo "2313"]
[BlackElo "2236"]
[PlyCount "87"]
[EventDate "2019.08.??"]
[EventType "swiss"]
[EventRounds "9"]
[EventCountry "FRA"]
[WhiteTeam "U.S.Villejuif Echecs"]
[BlackTeam "Cannes Echecs"]

1. Nf3 Nf6 2. g3 b6 3. Bg2 Bb7 4. O-O e6 5. b3 Be7 6. Bb2 O-O 7. c4 c5 8. d4 d5
9. cxd5 exd5 10. Nc3 Nc6 11. dxc5 bxc5 12. Rc1 d4 13. Na4 Qa5 14. Nh4 Rfd8 15.
e3 Rac8 16. Nf5 Bf8 17. Qf3 Ba6 18. Rfd1 Ne5 19. Nh6+ gxh6 20. Qxf6 Nd3 21. Qf5
Nxb2 22. Nxb2 dxe3 23. fxe3 Qxa2 24. Nc4 Rxd1+ 25. Rxd1 Qxb3 26. Rb1 Qxb1+ 27.
Qxb1 Bxc4 28. Be4 Bg7 29. Bxh7+ Kh8 30. Bc2 Rd8 31. Qb7 Be6 32. Qxa7 c4 33. Qb7
c3 34. g4 Kg8 35. Qe4 Rd2 36. Qa8+ Bf8 37. Qe4 Bg7 38. h4 Bd5 39. Qh7+ Kf8 40.
Qf5 Be6 41. Qe4 Bd5 42. Qf5 Be6 43. Qa5 Bxg4 44. Qa3+ 1/2-1/2

[Event "France 2019 - Accession"]
[Site "Chartres"]
[Date "2019.08.21"]
[Round "5.18"]
[White "Daeschler, Florian"]
[Black "Kollar, Romain"]
[Result "1-0"]
[WhiteElo "2303"]
[BlackElo "2214"]
[PlyCount "39"]
[EventDate "2019.08.??"]
[EventType "swiss"]
[EventRounds "9"]
[EventCountry "FRA"]
[WhiteTeam "Club d'Echecs de Mundolsheim"]
[BlackTeam "Club d'Echecs de la Bruffière"]

1. d4 Nf6 2. c4 g6 3. g3 Bg7 4. Bg2 c5 5. d5 d6 6. Nc3 O-O 7. Nf3 e6 8. O-O
exd5 9. cxd5 Re8 10. Bf4 Bf5 11. Nh4 Bg4 12. Qd2 Nh5 13. Ne4 Nxf4 14. Qxf4 f5
15. Nxd6 g5 16. Qa4 Rxe2 17. Nhxf5 Bxf5 18. Nxf5 Rxb2 19. Nxg7 Kxg7 20. Rab1
1-0

[Event "France 2019 - Accession"]
[Site "Chartres"]
[Date "2019.08.21"]
[Round "5.19"]
[White "Le Goff, Ronan"]
[Black "Rabineau, Clement"]
[Result "1-0"]
[WhiteElo "2303"]
[BlackElo "2213"]
[PlyCount "33"]
[EventDate "2019.08.??"]
[EventType "swiss"]
[EventRounds "9"]
[EventCountry "FRA"]
[WhiteTeam "Echiquier de l'Erdre"]
[BlackTeam "C.E. de Rueil Malmaison"]

1. d4 d6 2. c4 g6 3. Nc3 Bg7 4. Nf3 Nc6 5. g3 e5 6. dxe5 Nxe5 7. Nxe5 dxe5 8.
Qxd8+ Kxd8 9. Bg5+ f6 10. O-O-O+ Ke8 11. Nb5 Ke7 12. Nxc7 Rb8 13. Bd2 Nh6 14.
Bg2 Bf8 15. Bb4+ Kf7 16. Bd5+ Kg7 17. Ne8# 1-0

[Event "France 2019 - Accession"]
[Site "Chartres"]
[Date "2019.08.21"]
[Round "5.20"]
[White "Willems, Niels"]
[Black "Albaric, Etienne"]
[Result "1-0"]
[WhiteElo "2351"]
[BlackElo "2250"]
[PlyCount "64"]
[EventDate "2019.08.??"]
[EventType "swiss"]
[EventRounds "9"]
[EventCountry "FRA"]
[WhiteTeam "Echecs Club Montpellier"]
[BlackTeam "Lutèce Echecs"]

1. c4 e6 2. Nc3 d5 3. e3 Nf6 4. Nf3 Be7 5. Be2 dxc4 6. Bxc4 a6 7. d4 b5 8. Bd3
Nbd7 9. O-O Bb7 10. b3 c5 11. Bb2 O-O 12. Rc1 Rc8 13. Qe2 Qb6 14. Bb1 Rfd8 15.
Rfd1 h6 16. dxc5 Nxc5 17. b4 Ncd7 18. a3 Qa7 19. e4 Qa8 20. Qe3 Qb8 21. h3 Ba8
22. e5 Nh7 23. Ne4 Rxc1 24. Rxc1 Qb6 25. Nfd2 Qb7 26. Qg3 Kh8 27. Nd6 Bxd6 28.
exd6 e5 29. Bxe5 f6 30. Rc7 Qxg2+ 31. Qxg2 Bxg2 32. Bd4 Bxh3 {gain blanc au
55ème coup} 1-0

[Event "France 2019 - Accession"]
[Site "Chartres"]
[Date "2019.08.21"]
[Round "5.21"]
[White "Coiffait, Pierre-Basile"]
[Black "Boyer, Mahel"]
[Result "1/2-1/2"]
[WhiteElo "2231"]
[BlackElo "2341"]
[PlyCount "75"]
[EventDate "2019.08.??"]
[EventType "swiss"]
[EventRounds "9"]
[EventCountry "FRA"]
[WhiteTeam "L'Echiquier du Pays de Bray"]
[BlackTeam "Echiquier Nîmois"]

1. e4 Nc6 2. d4 d5 3. Nc3 dxe4 4. d5 Nb8 5. Nxe4 c6 6. Bc4 cxd5 7. Qxd5 Qxd5 8.
Bxd5 e6 9. Bb3 Bd7 10. f3 Nf6 11. Nxf6+ gxf6 12. Be3 Rg8 13. Kf2 Na6 14. c3 Nc5
15. Bc2 f5 16. Ne2 Bb5 17. Nf4 O-O-O 18. a4 Bd3 19. Bxd3 Nxd3+ 20. Nxd3 Rxd3
21. Rad1 Rxd1 22. Rxd1 a6 23. Bb6 Bg7 24. f4 Bf6 25. Rd3 Bh4+ 26. Kf3 Bd8 27.
Bxd8 Rxd8 28. Rxd8+ Kxd8 29. Ke3 Kd7 30. Kd4 Kd6 31. h3 h5 32. g3 f6 33. b3 Kc6
34. Kc4 e5 35. Kd3 Kd5 36. Ke3 b5 37. a5 e4 38. Ke2 1/2-1/2

[Event "France 2019 - Accession"]
[Site "Chartres"]
[Date "2019.08.21"]
[Round "5.22"]
[White "Decuigniere, Tom"]
[Black "Meunier, Clement"]
[Result "1/2-1/2"]
[WhiteElo "2211"]
[BlackElo "2291"]
[PlyCount "32"]
[EventDate "2019.08.??"]
[EventType "swiss"]
[EventRounds "9"]
[EventCountry "FRA"]
[WhiteTeam "Ecole Française d'Echecs de Metz"]
[BlackTeam "L'Echiquier du Roy René"]

1. d4 Nf6 2. c4 e5 3. dxe5 Ng4 4. Bf4 g5 5. Bg3 Nc6 6. Nf3 Bg7 7. h4 Ngxe5 8.
hxg5 Nxf3+ 9. gxf3 Bxb2 10. Nd2 Qxg5 11. Bxc7 d6 12. Rb1 Bc3 13. Bxd6 Bf5 14.
Rxb7 Rd8 15. f4 Qf6 16. c5 Bxd2+ 1/2-1/2

[Event "France 2019 - Accession"]
[Site "Chartres"]
[Date "2019.08.21"]
[Round "5.23"]
[White "Mouhamad, Joachim"]
[Black "Razafindratsima, Timothe"]
[Result "1/2-1/2"]
[WhiteElo "2288"]
[BlackElo "2230"]
[PlyCount "134"]
[EventDate "2019.08.??"]
[EventType "swiss"]
[EventRounds "9"]
[EventCountry "FRA"]
[WhiteTeam "Clichy-Echecs-92"]
[BlackTeam "Cannes Echecs"]

1. d4 Nf6 2. c4 g6 3. Nc3 d5 4. cxd5 Nxd5 5. e4 Nxc3 6. bxc3 Bg7 7. Nf3 c5 8.
Be3 Nc6 9. Qd2 Qa5 10. Rc1 O-O 11. d5 Rd8 12. Bd3 Ne5 13. Nxe5 Bxe5 14. c4 Qc7
15. f4 Bg7 16. O-O e6 17. Qf2 b6 18. Qh4 f5 19. e5 exd5 20. cxd5 Rxd5 21. Bc4
Be6 22. Bxd5 Bxd5 23. Rf2 Qf7 24. a4 c4 25. Rd2 Bf8 26. Rcd1 Be7 27. Qf2 Bc6
28. a5 bxa5 29. Bc5 c3 30. Bxe7 cxd2 31. Bd6 Qb3 32. Qxd2 a4 33. e6 Qxe6 34.
Be5 Be4 35. Ba1 Rc8 36. h3 Qb6+ 37. Bd4 Qc7 38. Qa2+ Qc4 39. Qf2 Rd8 40. Kh2 a3
41. Rd2 Bc6 42. Qe3 Be4 43. Ba1 Rxd2 44. Qxd2 Bd5 45. Qe3 Qe4 46. Qg3 Kf7 47.
Qg5 Ke8 48. h4 Qe2 49. h5 Qxh5+ 50. Qxh5 gxh5 51. g3 Kf7 52. Kg1 Bb7 53. Kf2
Ke6 54. Ke3 Kd5 55. Bf6 Ba6 56. Be7 Kc4 57. Bxa3 Bb5 58. Kd2 Kd4 59. Be7 Bd3
60. Bd8 h4 61. gxh4 Ke4 62. Bg5 a5 63. Kc3 a4 64. Kb4 Bb5 65. h5 Be8 66. h6 Kd3
67. Ka3 Kc3 1/2-1/2

[Event "France 2019 - Accession"]
[Site "Chartres"]
[Date "2019.08.21"]
[Round "5.24"]
[White "Bacrot, Alexandre"]
[Black "Ronce, Nathan"]
[Result "1/2-1/2"]
[WhiteElo "2272"]
[BlackElo "2204"]
[PlyCount "202"]
[EventDate "2019.08.??"]
[EventType "swiss"]
[EventRounds "9"]
[EventCountry "FRA"]
[WhiteTeam "La Tour Hyéroise"]
[BlackTeam "Echiquier Montelais"]

1. e4 c5 2. Nc3 d6 3. g3 Nc6 4. Bg2 g6 5. Nge2 Bg7 6. d3 Nf6 7. h3 O-O 8. O-O
Rb8 9. f4 Nd7 10. Be3 Nd4 11. Qd2 b5 12. g4 b4 13. Nd1 Nxe2+ 14. Qxe2 Qa5 15.
a3 Qc7 16. axb4 Rxb4 17. c3 Rb3 18. h4 a5 19. h5 g5 20. fxg5 Ne5 21. Nf2 Ba6
22. Rfd1 Rfb8 23. Bc1 Bb5 24. Qe3 a4 25. Bf1 Bd7 26. Be2 a3 27. Rxa3 Rxa3 28.
bxa3 Rb3 29. Bd2 Rxa3 30. Rf1 Ra2 31. Qf4 Be8 32. Nh3 Qc8 33. Kg2 Qe6 34. g6
hxg6 35. h6 Bf8 36. Rb1 Qc8 37. d4 cxd4 38. cxd4 Qc2 39. h7+ Kh8 40. Rb8 Qxd2
41. Qxd2 Rxd2 42. Kf1 Rxd4 43. Rxe8 Kxh7 44. Rxf8 Rxe4 45. Ng5+ Kg7 46. Rxf7+
Nxf7 47. Nxe4 Ne5 48. Kf2 d5 49. Nc5 Kf6 50. Ke3 e6 51. Kf4 g5+ 52. Ke3 Nc6 53.
Bf3 Ne5 54. Be2 Ke7 55. Nb3 Nf7 56. Nd4 Ne5 57. Nb5 Nc6 58. Bf3 Ne5 59. Nd4 Nf7
60. Bd1 Ne5 61. Be2 Kd6 62. Nb5+ Kc5 63. Nc7 Kd6 64. Ne8+ Ke7 65. Ng7 Nc6 66.
Nh5 Kf7 67. Bd1 Ke7 68. Ng3 Kd6 69. Ne2 Ne5 70. Ng1 Ke7 71. Kd4 Kf6 72. Kc5
Nd3+ 73. Kd4 Ne5 74. Nh3 Ng6 75. Kc5 Ne5 76. Nf2 Ke7 77. Be2 Nd7+ 78. Kd4 Kf6
79. Nd3 Ke7 80. Ne5 Nf6 81. Bb5 Ne8 82. Kc5 Nf6 83. Kc6 Ne8 84. Be2 Nf6 85. Bd3
Ne8 86. Ng6+ Kf7 87. Ne5+ Ke7 88. Bb5 Nf6 89. Be2 Ne4 90. Bf3 Nf6 91. Kc5 Ne8
92. Be2 Nf6 93. Bd3 Ne8 94. Kc6 Nf6 95. Bc2 Ne8 96. Bd3 Nf6 97. Bc2 Ne8 98. Nd7
Nd6 99. Ne5 Ne8 100. Ng6+ Kf7 101. Bb1 Nf6 1/2-1/2

[Event "France 2019 - Accession"]
[Site "Chartres"]
[Date "2019.08.21"]
[Round "5.25"]
[White "Degardin, Sylvain"]
[Black "Devallee, Jeremie"]
[Result "1-0"]
[WhiteElo "2189"]
[BlackElo "2270"]
[PlyCount "63"]
[EventDate "2019.08.??"]
[EventType "swiss"]
[EventRounds "9"]
[EventCountry "FRA"]
[WhiteTeam "Mulhouse Philidor"]
[BlackTeam "C'Chartres Echecs"]

1. e4 e5 2. Nf3 Nc6 3. Bb5 a6 4. Ba4 Nge7 5. O-O g6 6. c3 Bg7 7. d4 exd4 8.
cxd4 O-O 9. Nc3 b5 10. Bb3 d6 11. h3 Na5 12. Bc2 c5 13. b3 Nac6 14. Be3 Qb6 15.
Ne2 Nb4 16. a3 Nxc2 17. Qxc2 Qb7 18. Rac1 d5 19. dxc5 dxe4 20. Nfd4 Nc6 21.
Nxc6 Qxc6 22. Rfd1 f5 23. Rd6 Qe8 24. Qd2 Be6 25. Nd4 Bf7 26. Bh6 Be5 27. Nc6
Bg7 28. Bxg7 Kxg7 29. Qd4+ Kg8 30. Rd7 h6 31. Ne7+ Kh7 32. Nd5 1-0

[Event "France 2019 - Accession"]
[Site "Chartres"]
[Date "2019.08.21"]
[Round "5.26"]
[White "Giacomini, Hector"]
[Black "Bournel, Antoine"]
[Result "0-1"]
[WhiteElo "2156"]
[BlackElo "2259"]
[PlyCount "103"]
[EventDate "2019.08.??"]
[EventType "swiss"]
[EventRounds "9"]
[EventCountry "FRA"]
[WhiteTeam "Echiquier Tourangeau"]
[BlackTeam "L'Echiquier Châlonnais"]

1. Nf3 Nf6 2. e3 b6 3. d4 Bb7 4. Bd3 g6 5. c4 Bg7 6. Nc3 O-O 7. O-O d6 8. e4
Nbd7 9. Bg5 h6 10. Bd2 e5 11. d5 Nh5 12. Qc1 Kh7 13. g4 Nhf6 14. h3 Nc5 15. Bc2
Qd7 16. Ne1 a5 17. f3 c6 18. Nd3 cxd5 19. Nxc5 bxc5 20. cxd5 Ba6 21. Ba4 Qd8
22. Bb5 Bc8 23. Qe1 Ng8 24. Qe2 Bf6 25. b3 Bg5 26. Kg2 Ra7 27. Nd1 f5 28. Nb2
h5 29. gxh5 Rg7 30. h6 Nxh6 31. Bd3 Bxd2 32. Qxd2 Qh4 33. Qf2 Qh5 34. Qg3 Rfg8
35. Nc4 f4 36. Qh2 Ba6 37. Nxe5 Qxe5 38. Bxa6 Ra8 39. Bb5 Rb8 40. a4 Qc3 41.
Qxf4 Rd8 42. Bc4 g5 43. Qc1 Qe5 44. Rh1 Rf8 45. Qe1 Ng8 46. Qg3 Rf4 47. Rhf1
Nf6 48. Rf2 Nh5 49. Qh2 Qf6 50. Bf1 g4 51. hxg4 Rgxg4+ 52. fxg4 0-1

[Event "France 2019 - Accession"]
[Site "Chartres"]
[Date "2019.08.21"]
[Round "5.27"]
[White "Gao, Etienne"]
[Black "Girel, Joseph"]
[Result "1-0"]
[WhiteElo "2256"]
[BlackElo "2157"]
[PlyCount "137"]
[EventDate "2019.08.??"]
[EventType "swiss"]
[EventRounds "9"]
[EventCountry "FRA"]
[WhiteTeam "Echiquier Club Le Mans"]
[BlackTeam "Marseille-Echecs"]

1. e4 c5 2. Nf3 Nc6 3. d4 cxd4 4. Nxd4 e5 5. Nb5 d6 6. Be3 Nf6 7. Bg5 a6 8.
N5c3 Be7 9. Bxf6 Bxf6 10. Nd5 Bg5 11. c4 Ne7 12. Nbc3 Nxd5 13. Nxd5 Be6 14.
Qa4+ Bd7 15. Qa3 Bc6 16. Rd1 O-O 17. h4 Bh6 18. Nc3 Qc7 19. Qxd6 Qa5 20. b4 Qa3
21. Rh3 Qb2 22. Rb1 Qc2 23. Qd3 Qxd3 24. Bxd3 Rfd8 25. Nd5 Bxd5 26. exd5 b5 27.
Rd1 bxc4 28. Bxc4 Rd6 29. Ra3 g6 30. Ra5 Bf8 31. a3 Rad8 32. Rxa6 Rxa6 33. Bxa6
Ra8 34. Bb7 Rb8 35. Bc6 Bd6 36. Ke2 Rb6 37. Ra1 Ra6 38. a4 Bxb4 39. Kd3 Ra5 40.
Kc4 Bd6 41. Rb1 Kg7 42. Rb7 Kf6 43. Kd3 Bc5 44. f3 Ra6 45. Kc4 Ra5 46. Bb5 Bd6
47. Rd7 Bf8 48. g4 h6 49. g5+ hxg5 50. hxg5+ Kxg5 51. Rxf7 Ba3 52. Kd3 Ra8 53.
Ke4 Rh8 54. Kxe5 Rh1 55. Ke6 Re1+ 56. Kd7 Rd1 57. Bc6 Bb4 58. Kc7 Rd3 59. Kb6
Bd6 60. a5 Bg3 61. a6 Bf2+ 62. Kb5 Rb3+ 63. Kc4 Ra3 64. Bb7 Bb6 65. d6 Ra1 66.
d7 Rd1 67. Bc8 Rd6 68. Rf8 Rc6+ 69. Kb5 1-0

[Event "France 2019 - Accession"]
[Site "Chartres"]
[Date "2019.08.21"]
[Round "5.28"]
[White "Papadiamandis, Elliot"]
[Black "Ek, Alexandre"]
[Result "1-0"]
[WhiteElo "2216"]
[BlackElo "2188"]
[PlyCount "241"]
[EventDate "2019.08.??"]
[EventType "swiss"]
[EventRounds "9"]
[EventCountry "FRA"]
[WhiteTeam "C.E. de  Bois-Colombes"]
[BlackTeam "Cercle d'Echecs de Villepinte"]

1. e4 c5 2. Nf3 a6 3. Be2 d6 4. c4 Nf6 5. Nc3 Bg4 6. Ng1 Be6 7. f4 Nc6 8. Nf3
Bg4 9. d3 g6 10. Be3 Bh6 11. O-O Bxf3 12. Bxf3 O-O 13. Qd2 Nd4 14. Bxd4 cxd4
15. Ne2 e5 16. g3 a5 17. h3 Nd7 18. Kh2 Nc5 19. Bg2 a4 20. Qc2 f5 21. exf5 gxf5
22. Rab1 Bg7 23. Qd2 Qa5 24. Qxa5 Rxa5 25. Rfd1 e4 26. Nc1 b5 27. b4 axb3 28.
Nxb3 Nxb3 29. axb3 Ra2 30. Kg1 Re2 31. Re1 exd3 32. Bf1 Rxe1 33. Rxe1 bxc4 34.
bxc4 d2 35. Rd1 Re8 36. Rxd2 Re3 37. Kf2 Re7 38. Bd3 Rf7 39. Ra2 Bf8 40. Ra5
Kg7 41. Bxf5 Rb7 42. Rd5 Rb2+ 43. Kf3 Rb3+ 44. Kf2 Rb2+ 45. Ke1 Rb3 46. g4 Rxh3
47. Rxd4 h6 48. Kf2 Rc3 49. Bd3 Ra3 50. Rd5 Ra7 51. Rb5 Rc7 52. Ke3 Be7 53. Rb8
Bf6 54. Ke4 Rc5 55. Rb7+ Kf8 56. Be2 Be7 57. Rd7 Ra5 58. Bf3 Ra3 59. Be2 Ra2
60. Bd3 Ra3 61. Rb7 Rc3 62. Rb5 Kf7 63. Rf5+ Ke6 64. Rh5 Bf8 65. Ra5 Be7 66.
Ra8 Kf7 67. Ra7 Ke6 68. Ra8 Kf7 69. Ke3 Rb3 70. Kd2 Rb2+ 71. Ke3 Rb3 72. Ke4
Rc3 73. Ra1 Rb3 74. Rd1 Ra3 75. Rh1 Bf8 76. Be2 Ra2 77. Bf3 Ra3 78. Rh3 Kf6 79.
Rh5 Ke6 80. Rb5 Rc3 81. Be2 Rc2 82. Kd3 Ra2 83. Rb3 Bg7 84. Bf3 Ra7 85. Bd5+
Kf6 86. Rb6 Bf8 87. Rb8 Be7 88. Rh8 Kg7 89. Rg8+ Kh7 90. Re8 Kg7 91. Ke4 Bf8
92. Kf5 Rc7 93. g5 hxg5 94. Kxg5 Re7 95. Rc8 Re1 96. Rc7+ Re7 97. Rc6 Re1 98.
Kf5 Re8 99. Ra6 Re1 100. Ra7+ Re7 101. Ra2 Re1 102. Rg2+ Kh6 103. Rg6+ Kh7 104.
Rg8 Be7 105. Rg3 Bd8 106. Rb3 Be7 107. Rb7 Kh6 108. Be6 Bf8 109. Rf7 Bg7 110.
Rd7 Bf8 111. Kf6 Ra1 112. Bf5 Kh5 113. Rh7+ Bh6 114. Bg6+ Kg4 115. Rxh6 Kxf4
116. Rh4+ Ke3 117. Re4+ Kf3 118. Rd4 Ra6 119. Rd5 Rc6 120. Bd3 Ke3 121. Ke6 1-0

[Event "France 2019 - Accession"]
[Site "Chartres"]
[Date "2019.08.21"]
[Round "5.29"]
[White "Pottier, Simeon"]
[Black "Salles, Louis"]
[Result "1/2-1/2"]
[WhiteElo "2162"]
[BlackElo "2248"]
[PlyCount "96"]
[EventDate "2019.08.??"]
[EventType "swiss"]
[EventRounds "9"]
[EventCountry "FRA"]
[WhiteTeam "LEC Echiquier Limousin"]
[BlackTeam "C'Chartres Echecs"]

1. d4 Nf6 2. c4 c6 3. Nc3 d5 4. Nf3 e6 5. Bg5 h6 6. Bxf6 Qxf6 7. e3 Nd7 8. Bd3
g6 9. O-O Bg7 10. e4 dxc4 11. Bxc4 e5 12. d5 O-O 13. h3 Nb6 14. Bb3 Bd7 15. Qe2
c5 16. Nd2 Nc8 17. a4 Nd6 18. a5 Rad8 19. Ba4 Bc8 20. Nb5 Nxb5 21. Bxb5 Qg5 22.
Ra3 f5 23. Rc1 a6 24. Ba4 Rf7 25. Rxc5 Bf8 26. Rg3 Qxg3 27. fxg3 Bxc5+ 28. Kh2
f4 29. Bb3 Kg7 30. g4 Rc7 31. Qd3 Be6 32. Bd1 Bf7 33. Nc4 Bd4 34. Qb3 Kf6 35.
Be2 h5 36. Qb4 h4 37. b3 Bc5 38. Qc3 Bd4 39. Qb4 Bc5 40. Qc3 Bd6 41. Qe1 g5 42.
Qd1 Bc5 43. Qa1 Bd4 44. Qa3 Rc5 45. Qb4 Rb5 46. Qa3 Rc5 47. Qb4 Rb5 48. Qa3 Rc5
1/2-1/2

[Event "France 2019 - Accession"]
[Site "Chartres"]
[Date "2019.08.21"]
[Round "5.30"]
[White "Pham, Arthur"]
[Black "Pourquet, Matthieu"]
[Result "0-1"]
[WhiteElo "2116"]
[BlackElo "2209"]
[PlyCount "68"]
[EventDate "2019.08.??"]
[EventType "swiss"]
[EventRounds "9"]
[EventCountry "FRA"]
[WhiteTeam "Echecs 16"]
[BlackTeam "Vandoeuvre-Echecs"]

1. e4 e6 2. d4 d5 3. e5 c5 4. c3 Nc6 5. Nf3 Nge7 6. Bd3 cxd4 7. cxd4 Nf5 8. O-O
Nfxd4 9. Nxd4 Nxd4 10. Be3 Nc6 11. f4 Bd7 12. Nd2 Be7 13. Nb3 g6 14. Rc1 O-O
15. Nc5 Bc8 16. a3 Qb6 17. b4 Nb8 18. Qe2 Qd8 19. Bd4 b6 20. Nb3 a5 21. Qe3
axb4 22. Bxb6 Qe8 23. axb4 Bxb4 24. Qd4 Be7 25. Ra1 Rxa1 26. Rxa1 Nc6 27. Qa4
Bd7 28. Nc5 Nxe5 29. Qa7 Bxc5+ 30. Bxc5 Nxd3 31. Bxf8 Qxf8 32. Qd4 Nb4 33. Qf6
Nc6 34. h4 h5 0-1

[Event "France 2019 - Accession"]
[Site "Chartres"]
[Date "2019.08.21"]
[Round "5.31"]
[White "Favarel, Camille"]
[Black "Dalaud, Dorian"]
[Result "1/2-1/2"]
[WhiteElo "2207"]
[BlackElo "2165"]
[PlyCount "136"]
[EventDate "2019.08.??"]
[EventType "swiss"]
[EventRounds "9"]
[EventCountry "FRA"]
[WhiteTeam "L'Echiquier du Roy René"]
[BlackTeam "Cercle d'Echecs de Nantes"]

1. d4 Nf6 2. c4 g6 3. Nc3 d5 4. Bg5 Ne4 5. Bh4 Nxc3 6. bxc3 dxc4 7. e3 Bg7 8.
Bxc4 O-O 9. Nf3 c5 10. O-O Nc6 11. Rb1 cxd4 12. cxd4 b6 13. Qa4 Bb7 14. Rbc1
Na5 15. Be2 Bf6 16. Bg3 Qd5 17. Rfd1 Rac8 18. Ne1 Bc6 19. Qa3 Qd7 20. Rb1 Be4
21. Rbc1 Rxc1 22. Rxc1 Rc8 23. Rxc8+ Qxc8 24. h3 Bd5 25. Qb2 Qc6 26. Bf1 Qa4
27. a3 Qd1 28. f3 Qa4 29. Bf2 Nc4 30. Qc2 Qxc2 31. Nxc2 Nd2 32. Nb4 Bb7 33. Bb5
Nb1 34. a4 e6 35. Bg3 Bg7 36. Bf2 Bh6 37. Kf1 Bf8 38. Be1 Na3 39. Bd3 a5 40.
Nc2 Bc6 41. Nxa3 Bxa3 42. Bc2 b5 43. Bxa5 bxa4 44. Ke2 Bc1 45. Bd2 Bb2 46. Kd1
a3 47. Bc1 Bb5 48. Bxb2 axb2 49. h4 Kg7 50. Kd2 f5 51. g4 Kh6 52. e4 fxg4 53.
fxg4 Bf1 54. Ke3 g5 55. h5 Bc4 56. Bb1 Kg7 57. Kd2 h6 58. e5 Kf8 59. Kc3 Be2
60. Kxb2 Bxg4 61. Bg6 Ke7 62. Kc3 Kd7 63. Kd3 Bf3 64. Ke3 Bd5 65. Bd3 Kc7 66.
Be2 Kb6 67. Bg4 Kc6 68. Kd3 Kd7 1/2-1/2

[Event "France 2019 - Accession"]
[Site "Chartres"]
[Date "2019.08.21"]
[Round "5.32"]
[White "Suez-Panama, Gilles"]
[Black "Hingouet, Matthieu"]
[Result "1-0"]
[WhiteElo "1930"]
[BlackElo "2195"]
[PlyCount "77"]
[EventDate "2019.08.??"]
[EventType "swiss"]
[EventRounds "9"]
[EventCountry "FRA"]
[WhiteTeam "Arsenal"]
[BlackTeam "Cavalier de la Tourelle Saint-Mande"]

1. Nf3 Nf6 2. g3 d5 3. Bg2 e6 4. d3 c5 5. O-O Nc6 6. Nbd2 Be7 7. e4 Qc7 8. Re1
b6 9. Nf1 Bb7 10. e5 Nd7 11. Bf4 h6 12. h4 O-O-O 13. Qe2 Rdg8 14. h5 g5 15.
hxg6 fxg6 16. g4 g5 17. Bg3 Bf8 18. c4 d4 19. N1d2 Bg7 20. a3 a5 21. b4 axb4
22. axb4 Nxb4 23. Ne4 Bc6 24. Nd6+ Kb8 25. Nb5 Bxb5 26. cxb5 Nd5 27. Nd2 Qb7
28. Nc4 Bf8 29. Ra3 h5 30. Rea1 h4 31. Bh2 h3 32. Be4 Rh4 33. Ra8+ Qxa8 34.
Rxa8+ Kxa8 35. Bxd5+ exd5 36. Qa2+ Kb7 37. Qa6+ Kc7 38. e6+ Kd8 39. exd7 1-0

[Event "France 2019 - Accession"]
[Site "Chartres"]
[Date "2019.08.21"]
[Round "5.33"]
[White "Fantin, Ludwig"]
[Black "Viel, Simon"]
[Result "1-0"]
[WhiteElo "2213"]
[BlackElo "2252"]
[PlyCount "79"]
[EventDate "2019.08.??"]
[EventType "swiss"]
[EventRounds "9"]
[EventCountry "FRA"]
[WhiteTeam "Clermont-Ferrand Echecs"]
[BlackTeam "Echecs Plus de Cherbourg-Octeville"]

1. d4 e6 2. Nf3 Nf6 3. e3 c5 4. Bd3 b6 5. O-O Bb7 6. c4 Be7 7. Nc3 cxd4 8. exd4
d5 9. cxd5 Nxd5 10. Ne5 O-O 11. Qh5 f5 12. Re1 Nd7 13. Qe2 Bf6 14. Nc6 Qe8 15.
Nxd5 exd5 16. Ne7+ Bxe7 17. Qxe7 Qxe7 18. Rxe7 Rfe8 19. Rxe8+ Rxe8 20. Bg5 h6
21. Bd2 g6 22. Bxh6 Nb8 23. g3 Nc6 24. Be3 Nb4 25. Bb5 Re7 26. Bg5 Re4 27. Bf6
Kf7 28. Be5 Ba6 29. Bxa6 Nxa6 30. a3 Re2 31. Rc1 Rxb2 32. Rc6 Ra2 33. Rf6+ Ke8
34. Rxg6 Rxa3 35. h4 Nb4 36. h5 Nd3 37. h6 Ra1+ 38. Kg2 Ne1+ 39. Kh3 Nf3 40. h7
1-0

[Event "France 2019 - Accession"]
[Site "Chartres"]
[Date "2019.08.22"]
[Round "6.7"]
[White "Housieaux, David"]
[Black "Gatineau, Yovann"]
[Result "1/2-1/2"]
[WhiteElo "2402"]
[BlackElo "2363"]
[Annotator "Alain"]
[PlyCount "150"]
[EventDate "2019.08.??"]
[EventType "swiss"]
[EventRounds "9"]
[EventCountry "FRA"]
[WhiteTeam "A.J.E. Noyon"]
[BlackTeam "Mulhouse Philidor"]

1. c4 c6 2. Nc3 d5 3. e3 Nf6 4. d4 e6 5. Qc2 Nbd7 6. Bd3 Bd6 7. Nge2 O-O 8. O-O
e5 9. cxd5 cxd5 10. dxe5 Nxe5 11. Nf4 Be6 12. Rd1 Rc8 13. Bf1 g5 14. Nfe2 Ne4
15. f3 Nxc3 16. Nxc3 Qf6 17. Qe2 Rc5 18. Nb5 Bb8 19. Nd4 Rfc8 20. Bd2 Nc4 21.
Bc1 h5 22. b3 Ne5 23. Bb2 h4 24. Rac1 Rxc1 25. Rxc1 Rxc1 26. Bxc1 Ng6 27. Qc2
Qe5 28. Nxe6 Qxe6 29. Bd3 Qd6 30. f4 gxf4 31. Qc8+ Kh7 32. Qf5 Kg8 33. Qc8+ Kh7
34. exf4 Bc7 35. Bd2 Kg7 36. g3 Qc5+ 37. Kf1 hxg3 38. hxg3 Bb6 39. Bc3+ f6 40.
Qxc5 Bxc5 41. Ke2 Ne7 42. g4 Kf7 43. Kf3 Ke6 44. b4 Bd6 45. b5 Bc5 46. Bc2 f5
47. Be5 a6 48. a4 axb5 49. axb5 Bb6 50. Bd3 Bc5 51. Kg3 Bb6 52. Bb1 Bc5 53. Bc2
Bb6 54. Bd3 Bc5 55. Bc7 Kd7 56. Bb8 Ke6 57. Kh4 Be3 58. Kg5 fxg4 59. Kxg4 Bd4
60. Bc2 Bc5 61. Bc7 Bd4 62. f5+ Kf6 63. Bd8 Be5 64. Bb3 Kf7 65. Kg5 Bf6+ 66.
Kf4 Nxf5 67. Bxd5+ Kg6 68. Bc7 Bh4 69. Ke4 Be7 70. b6 Nd6+ 71. Ke5 Nc8 72. Ke6
Bc5 73. Be4+ Kg5 74. Bxb7 Nxb6 75. Be5 Be3 {nulle au 88ème coup} 1/2-1/2